000 00307nam a2200121 4500
999 _c516139
_d516139
082 _aTNC B142x54 M726
100 _aMohan, Kamlesh.
_922519
245 _aTowards gender history
260 _aDelhi
_bAakar
_c2006
300 _a271p.
650 _aFermissior
_922520
650 _aWomen India history
_922521